• 首页
  • 本馆介绍
  • 公告通知
  • 最新文献
  • 馆藏检索
  • 电子资源
  • 读者导购
  • 参考咨询
  • 我的图书馆
  • 登录
  • 详细信息显示
  • 放入我的书架
  • 预约/预借图书
  • 作者相关作品
  • 分类相关作品
  • 丛书相关作品
  • 出版社相关作品

书目信息

  • 表格格式
  • 工作单格式
  • 卡片格式
题名:
中国分省公路交通地图册
    
 
作者: ;地图出版社 编
分册:  
出版信息: 北京   地图出版社  1986
页数: 33幅
开本:
丛书名:
单 册:
中图分类: F542.7-64 , K992
科图分类:
主题词: 公路运输-公路图--中国 , 公路图-公路运输--中国 , 地图
电子资源:
ISBN:
000 00716nam0 2200265 450
001 1552780748
005 20150118144000.95
010    @dCNY2.30
091    @a12014.1447
100    @a19900724d1986 em y0chiy0110 ea
101 0  @achi
102    @aCN@b110000
105    @ab z 000yy
200 1  @a中国分省公路交通地图册@9zhong guo fen sheng gong lu jiao tong di tu ce@f地图出版社编
210    @a北京@c地图出版社@d1986
215    @a33幅
606 0  @a公路运输-公路图@y中国
606 0  @a公路图-公路运输@y中国
606 0  @a地图
610 0  @a交通@a地图
690    @aF542.7-64@v5
690    @aK992@v4
711 02 @a地图出版社@9di tu chu ban she@4编
801  0 @aCN@bTSSF@c20150115
905    @aZUCC@dK992@eJY13
    
    中国分省公路交通地图册/地图出版社编.-北京:地图出版社,1986
    33幅
    
    
    ISBN :CNY2.30
    
●
相关链接 在E读中查询图书 在五车中查询图书 在当当中查询图书 在豆瓣中查询图书


正题名:中国分省公路交通地图册     索取号:K992/JY13         预约/预借

序号 登录号 条形码 馆藏地/架位号 状态 备注
1 7835607   278356075   学院路分馆/ [索取号:K992/JY13] 在馆    
唐山师范学院图书馆 欢迎您!
大连网信软件有限公司© 版权所有